| 000 | 00832nam a22002417a 4500 | ||
|---|---|---|---|
| 003 | UA-OsUOA | ||
| 001 | 46664 | ||
| 007 | ta | ||
| 008 | 20120507b un ||||| |||| 00| 0 ukr d | ||
| 100 | _aВерниволя В. | ||
| 090 |
_a09.-81 _bВ35 |
||
| 942 | _cBK | ||
| 040 |
_aUA-OsUOA _bukr _cUA-OsUOA _dUA-OsUOA |
||
| 245 |
_aЯк стати по українському грамотним _bкоротка українська правопись із додатком: "Дещо з української граматики" |
||
| 300 | _a78 с. | ||
| 955 | _a4 | ||
| 041 | _aukr | ||
| 080 | _a09.-81 | ||
| 260 |
_aЗальцведель _c1919 |
||
| 650 | 7 |
_a0 Загальний відділ. _2UDC |
|
| 999 |
_c426767 _d426767 |
||